Les 10 consoles de jeu vidéos les plus vendues au monde - Statistiques

Statistiques générales
  • Ce quiz a été pris 470 fois
  • Le résultat moyen est 7 sur 10
Statistiques - réponses
Hint Réponse % Correct
6 Play Station
99%
5 Nintendo Switch
86%
2 Nintendo DS
76%
7 Nintendo Wii
71%
1 PlayStation 2
68%
8 PlayStation 3
68%
4 PlayStation 4
68%
3 Game Boy
64%
9 Xbox 360
64%
10 Game Boy Advance
16%
Aucun quiz correspondant
Distribution des résultats
% des personnes avec chaque résultat
Percentile par nombre de réponses
Votre historique - résultats
Vous n’avez pas pris ce quiz